Представление документа в формате RUSMARC

ПолеНазваниеЗначение
  Тип записи a
  Библиографический уровень m
001 Контрольный номер RU\bookru\bibl\920392
003 Постоянный идентификатор записи http://www.book.ru/book/920392
005 Дата корректировки 20161026112537.6
010 Индекс ISBN __
a ISBN 978-5-406-05519-9
100 Данные общей обработки 0_
a Данные общей обработки 20160711d2017 mk y0rusy50 ca
101 Язык документа 0_
a Язык текста Русский
102 Страна публикации __
a Страна публикации RU
105 Кодированные данные (монография) __
a Кодированные данные (монография) y ||||000yy
200 Заглавие и сведения об ответственности 1_
a Заглавие Рынок банковского обслуживания физических лиц: тенденции и перспективы развития
210 Выходные данные __
a Место издания Москва
c Издательство КноРус
d Дата издания 2017
215 Физическое описание __
a Объем 263
330 Аннотация __
a Аннотация Рынок банковского обслуживания физических лиц сформировался в России лишь в начале текущего тысячелетия. Исследование отдельных сегментов рынка и тенденций его развития позволяет ответить на ряд вопросов: способно ли расширение потребительского спроса стимулировать развитие экономики? как потребительское кредитование влияет на рост ВВП? каковы границы потребительского кредитования? какова степень ответственности банков? В монографии предложены ответы на поставленные вопросы, с учетом которых разработаны параметры модели рынка банковского обслуживания физических лиц. Для экономистов, сотрудников банков, аспирантов, магистрантов, студентов экономических ВУЗов и других лиц, интересующихся проблемами банковского обслуживания населения.
606 Тематические рубрики __
a Основная рубрика Банковское дело. Кредит
2 Код системы local
608 Указатель предметных рубрик __
a Жанр/форма Монография
2 Код системы local
675 Индекс УДК __
a Индекс УДК 336.71
z Язык издания rus
686 Индексы других классификаций __
a Классификационный индекс 65.262.1
2 Код системы rubbk
700 Автор _1
a Фамилия Бровкина Н.Е.
801 Источник записи _1
a Страна RU
b Организация book_ru
c Дата составления 20160711
g Правила каталогизации RCR
856 Электронный адрес документа 4_
u Универсальный указатель ресурса (URL) http://www.book.ru/book/920392
951 __
a http://www.book.ru/book/920392